000 00296nam a22001217a 4500
008 170215b xxu||||| |||| 00| 0 eng d
041 _aeng
080 _210TH
_a61
100 _a4
101 _aSHM
245 _aWIDMANN'S CLINICAL INTERPRETATION OF LABORATORY TESTS
_cSACHER, R.A
942 _2udc
_cBK
999 _c5538
_d5538